000 00726nam a2200181Ia 4500
008 100920s9999 xx 000 0 und d
082 _b86039
_a28 व 891 0
100 _aकाटकर मा.गो.
245 _aप्रचंडे,डरकाळे आणि मंडळी.
260 _bइंद्रायणी साहित्य प्रकाशन पुणे 30.
_c0
300 _a68
_bसाधी
365 _b15
520 _aबा.वि.लघुकथा.
630 _aप्रचंडे,डरकाळे आणि मंडळी.
650 _aबा.वि.लघुकथा.
730 _aप्रचंडे,डरकाळे आणि मंडळी.
942 _cBOOK
999 _c726549
_d726546